Paesi più Grandi della Tanzania - Statistics

Statistiche generali
  • Questo quiz è stato fatto 31 volte
  • Il punteggio medio è 26 su 29
Statistiche sulle risposte
Superficie Paese % Corretto
2,149,690 Arabia Saudita
100%
2,780,400 Argentina
100%
7,741,220 Australia
100%
8,514,877 Brasile
100%
9,984,670 Canada
100%
9,596,961 Cina
100%
3,287,263 India
100%
2,724,900 Kazakistan
100%
1,964,375 Messico
100%
2,344,858 Rep. Dem. del Congo
100%
17,098,242 Russia
100%
9,826,675 Stati Uniti
100%
2,381,741 Algeria
92%
1,001,450 Egitto
92%
1,759,540 Libia
92%
1,564,116 Mongolia
92%
1,219,090 Sudafrica
92%
1,861,484 Sudan
92%
1,138,910 Colombia
85%
1,104,300 Etiopia
85%
1,904,569 Indonesia
85%
1,648,195 Iran
85%
1,240,192 Mali
85%
1,285,216 Perù
85%
1,246,700 Angola
77%
1,098,581 Bolivia
77%
1,284,000 Ciad
77%
1,267,000 Niger
77%
1,030,700 Mauritania
69%
Nessun quiz corrispondente trovato
Distribuzione punteggi
Percentuale di utenti per punteggio
Percentile per numero di risposta
I tuoi punteggi nel tempo
Non hai fatto questo quiz